|
|
|
|
| LEADER |
01715nam a2200349 a 4500 |
| 001 |
45775 |
| 003 |
BD-DhAAL |
| 005 |
20260514122931.0 |
| 008 |
260514t19941961nyuab b 001 0beng |
| 010 |
|
|
|a 94039075
|
| 020 |
|
|
|a 0231101732
|
| 020 |
|
|
|a 9780231101738
|
| 035 |
|
|
|a 1126363
|
| 040 |
|
|
|a DLC
|c DLC
|d DLC
|d BD-DhAAL
|
| 050 |
0 |
0 |
|a DS881.3
|b .J28 1994
|
| 082 |
0 |
0 |
|a 952.025092
|2 20
|
| 100 |
1 |
|
|a Jansen, Marius B.
|9 60751
|
| 245 |
1 |
0 |
|a Sakamoto ryoma and the meiji restoration /
|c by Marius B. Jansen.
|
| 246 |
|
3 |
|a Sakamoto ryōma and the meiji restoration
|
| 250 |
|
|
|a Morningside edition.
|
| 260 |
|
|
|a New York :
|b Columbia University Press,
|c c1994.
|
| 300 |
|
|
|a xviii, 423 pages :
|b illustrations, maps ;
|c 21 cm
|
| 500 |
|
|
|a Originally published. Princeton, N.J. : Princeton University Press, 1961.
|
| 504 |
|
|
|a Includes bibliographical references (p. 382-388) and index.
|
| 526 |
8 |
|
|a AAL
|
| 541 |
|
|
|a Donated by Embassy of Japan in Bangladesh, Read Japan Project 2025, The Tokyo Foundation, supported by The Nippon Foundation.
|e 45775
|
| 600 |
1 |
0 |
|a Sakamoto, Ryōma,
|y 1836-1867.
|9 60752
|
| 651 |
|
0 |
|a Japan
|x History
|y Restoration, 1853-1870.
|9 60753
|
| 852 |
1 |
|
|a Ayesha Abed Library
|c General Stacks
|
| 942 |
|
|
|2 ddc
|c BK
|
| 999 |
|
|
|c 47958
|d 47958
|
| 952 |
|
|
|0 0
|1 0
|2 ddc
|4 0
|6 952_025092000000000_JAN
|7 0
|9 79205
|a BRACUL
|b BRACUL
|d 2026-05-14
|e Donated by Embassy of Japan in Bangladesh, Read Japan Project 2025, The Tokyo Foundation, supported by The Nippon Foundation.
|l 0
|o 952.025092 JAN
|p 3010045775
|r 2026-05-14
|t 1
|w 2026-05-14
|y BK
|x Donated copy received from Embassy of Japan in Bangladesh, Read Japan Project 2025, The Tokyo Foundation, supported by The Nippon Foundation on 08 April 2026; $40.00 ;
|